El contrato de vitalicio, caracteres y contenido

Detalles Bibliográficos
Autor principal: Chilln̤ Peąlver, Susana
Formato: Desconocido
Lenguaje:español
Publicado: Madrid : EDERSA, D.L. 2000
Materias:
Acceso en línea:Acceso restringido

MARC

LEADER 00000ny a22000003n 4500
005 20110617110147.0
008 010307s2000 sp s 000 0 spa c
017 |a M21863-2000 
020 |a 8471309734 
035 |a 1303 
040 |a UMA.DER  |d vLex 
040 |a UMA.RE  |d vLex 
080 |a 347.464.8(460) 
090 |c 804  |d 804 
100 1 |a Chilln̤ Peąlver, Susana 
245 1 3 |a El contrato de vitalicio, caracteres y contenido  |h [Recurso electrn̤ico]  |c Susana Chilln̤ Peąlver 
256 |a Servicio en ln̕ea 
260 |a Madrid :  |b EDERSA,  |c D.L. 2000 
300 |a 408 p. ;  |c 22 cm 
504 |a Bibliografa̕: p. 391-408 
506 1 |a Contenido solo disponible en los productos indicados  |d vLex Global  |d vLex Global (Academic Edition, excluding Law Schools)  |d vLex Global (U.S. Academic Edition, Law Schools)  |d vLex Global (U.S. Academic Edition, excluding Law Schools)  |d vLex Global (Academic Edition, Law Schools) 
650 0 7 |2 Tesauro vLex  |a Contratos 
650 0 7 |2 Tesauro vLex  |a Civil 
650 0 7 |2 Tesauro vLex  |a Contrato vitalicio 
650 0 7 |2 Tesauro vLex  |a Contratos aleatorios 
740 0 |a vLex Libros (Servicios en ln̕ea) 
856 4 0 |z Acceso restringido  |u http://vlex.com/source/contrato-vitalicio-1303 
942 |c BOOK 
999 0 |a Civil Law  |b Madrid